LEADER 02393 am 2200421 n 450 001 9910496008003321 005 20200129 010 $a2-7574-2595-1 024 7 $a10.4000/books.septentrion.82986 035 $a(CKB)5590000000006679 035 $a(FrMaCLE)OB-septentrion-82986 035 $a(oapen)https://directory.doabooks.org/handle/20.500.12854/87072 035 $a(PPN)251070956 035 $a(EXLCZ)995590000000006679 100 $a20201123j|||||||| ||| 0 101 0 $afre 135 $auu||||||m|||| 181 $ctxt$2rdacontent 182 $cc$2rdamedia 183 $acr$2rdacarrier 200 10$aSterne ou le vis-à-vis /$fJean-Claude Dupas 210 $aVilleneuve d'Ascq $cPresses universitaires du Septentrion$d2020 215 $a1 online resource (128 p.) 225 1 $aObjet 311 $a2-85939-251-3 330 $aPour commencer, un vis-à-vis ouvre l?espace d?une confrontation, d?un face à face, d?une mise en regard. C?est aussi cet objet singulier - voiture à deux sièges se faisant face - qui génère les écarts et impose des rapprochements. C?est enfin cet instrument du voyage et de l?écriture que Sterne fait apparaître, à l?orée du Voyage Sentimental, comme en exergue. Opération de l?écriture, le vis-à-vis appelle une activité de lecture singulière. D?une certaine façon, le lecteur, en ce que sa singularité est exclue par cette machine d?écriture, doit l?affronter. D?une autre, il s?y reconnaît comme partenaire implicite, voire explicite, comme complice. Au détour des conventions et des innovations de ce récit de voyage, au gré des ruptures, des absences et des récurrences, au fil des aveux et des désaveux du personnage d?auteur, se tisse l?interrogation de l?objet littéraire, du projet d?écriture. On pose, ici, le vis-à-vis comme étant, simultanément, l?opération fondatrice de l?écriture de Sterne et l?objet représentatif qui l?autorise et la rythme. 606 $aSentimentalism in literature 610 $avoyage sentimental 610 $alittérature 610 $alittérature britannique 615 0$aSentimentalism in literature. 676 $a823/.6 700 $aDupas$b Jean-Claude$01230779 801 0$bFR-FrMaCLE 906 $aBOOK 912 $a9910496008003321 996 $aSterne, ou, Le vis-a?-vis$92857615 997 $aUNINA LEADER 01741nam 2200505 450 001 9910808920903321 005 20230803035159.0 010 $a1-909367-76-1 010 $a1-909367-75-3 035 $a(CKB)3710000000212907 035 $a(EBL)1757373 035 $a(SSID)ssj0001288124 035 $a(PQKBManifestationID)12443328 035 $a(PQKBTitleCode)TC0001288124 035 $a(PQKBWorkID)11294610 035 $a(PQKB)10545256 035 $a(MiAaPQ)EBC1757373 035 $a(Au-PeEL)EBL1757373 035 $a(OCoLC)885123968 035 $a(EXLCZ)993710000000212907 100 $a20220525d2013 uy 0 101 0 $agle 135 $aur|n|---||||| 181 $ctxt 182 $cc 183 $acr 200 10$aAg caint linn fhein /$fJoe Steve O Neachtain 210 1$aIndreabhan, Ireland :$cClo Iar-Chonnacht,$d[2013] 210 4$d©2013 215 $a1 online resource (165 p.) 300 $aDescription based upon print version of record. 311 $a1-909367-71-0 327 $aPage Co?ipcheart; Cla?r; Re?amhra?; Se?ideadh na mboilg; Ceol agus ceola?in; Pro?s; An tri?ono?id dhaonna; O? thalamh go haer; Teaspach scri?bhneoireachta; I dteannta a che?ile is fearr muid; Ag caint linn fhe?in; Na?du?r agus mi?na?du?r an chultu?ir; An modh di?reach 330 $a A collection of talks and essays given by Joe Steve O? Neachtain on various topics spanning about 20 years. 606 $aEssays 615 0$aEssays. 676 $a808.84 700 $aO? Neachtain$b Joe Steve$01660434 801 0$bMiAaPQ 801 1$bMiAaPQ 801 2$bMiAaPQ 906 $aBOOK 912 $a9910808920903321 996 $aAg caint linn fhein$94101534 997 $aUNINA